000 00835nam a22002897a 4500
001 0000706
003 KOHA_MİRAKIL
005 20260207001217.0
007 ta
008 110823b2008 tu |||gr||||#0|||0|tur |
020 _a9750207730
_cYTL31,69
040 _aTR-BiSEU
_btur
_cTR-BiSEU
_erda
041 0 _atur
044 _ctu
050 _aQA76.754
_b.B34 2008
100 1 _aBağcı, Ömer.
245 1 _aIleri düzey Excel 2007/
_cÖmer Bağcı ; Ömer Bağcı.
264 1 _aAnkara :
_bSeçkin Yayıncılık
_c2008
300 _a520 sayfa
336 _ametin
_btxt
_2rdacontent
337 _aaracısız
_bn
_2rdamedia
338 _acilt
_bnc
_2rdacarrier
650 0 _aMicrosoft Excel (Bilgisayar programı).
_92184
650 0 _aİşletmecilik--Bilgisayar programları.
_92646
907 _aBilgisayar
942 _2lcc
_cBK
999 _c705
_d705